00463nam a22001697a 450000500170000000800410001702000180005802200150007604100120009108200120010310000120011524500570012725000190018426000340020330000310023765000250026820240924081011.0240924b |||||||| |||| 00| 0 eng d a9780409123722 a0409004480 aEnglish a349 JOU lEnglish aThe Law of South Africa / cWA Joubert and JA Faris  aThird Edition  aDurban: bLexisNexis, c2015  bviii, 434 pages; c26 cm.  aLegal practice bLaw